000
00214nam a22000857a 4500
008
161219b xxu||||| |||| 00| 0 eng d
100
_9
2131
_a
Suslov .V
245
_a
Who is The Stongest?
260
_a
Moscow
_b
Progress
_c
1974
999
_c
5013
_d
5013